[Event "KP 2024/25,SK Lipa B-Panda RK B"]
[Site "?"]
[Date "2024.11.10"]
[Round "2.1"]
[White "Szucs, Matyas"]
[Black "Horak, Jan"]
[Result "1/2-1/2"]
[WhiteElo "2091"]
[BlackElo "2128"]
[PlyCount "77"]
[EventDate "2024.??.??"]

1. e4 d5 2. exd5 Nf6 3. Nc3 g6 4. Bc4 Bg7 5. d3 O-O 6. h4 b5 7. Nxb5 Nxd5 8. h5
c6 9. Na3 Nd7 10. hxg6 fxg6 11. Nf3 N7b6 12. Ng5 Nxc4 13. Nxc4 h5 14. Qe2 e5
15. Bd2 Rb8 16. Ne4 Nf4 17. Bxf4 exf4 18. O-O-O Be6 19. c3 Qd5 20. Rhe1 Bf5 21.
f3 Qb5 22. Ned6 Qa4 23. Nxf5 Rxf5 24. a3 Rb3 25. Qc2 Rc5 26. Re4 Bxc3 27. bxc3
Rxc4 28. Rxc4 Qxa3+ 29. Kd2 Rb2 30. Rc1 g5 31. Rxc6 Rxc2+ 32. Rxc2 Qe7 33. c4
Qe3+ 34. Kc3 Qe1+ 35. Kb2 Qb4+ 36. Kc1 Qe1+ 37. Kb2 Qb4+ 38. Kc1 Qe1+ 39. Kb2
1/2-1/2

[Event "KP 2024/25,SK Lipa B-Panda RK B"]
[Site "?"]
[Date "2024.11.10"]
[Round "2.2"]
[White "Zelba, Lukas"]
[Black "Safarik, Jakub"]
[Result "1-0"]
[WhiteElo "2096"]
[BlackElo "2087"]
[PlyCount "93"]
[EventDate "2024.??.??"]

1. e4 c5 2. Nf3 Nc6 3. c3 Qa5 4. Be2 d6 5. O-O Nf6 6. Qc2 Bg4 7. d3 g6 8. Nbd2
Bg7 9. h3 Bxf3 10. Nxf3 O-O 11. Be3 b5 12. d4 cxd4 13. Nxd4 Nxd4 14. Bxd4 Rac8
15. a3 e5 16. Be3 d5 17. b4 Qd8 18. exd5 Nxd5 19. Bc5 Qg5 20. Bg4 Rxc5 21. bxc5
Nf4 22. g3 f5 23. gxf4 exf4 24. Qa2+ Kh8 25. Qd5 h5 26. Rad1 hxg4 27. hxg4
Qxg4+ 28. Qg2 Rc8 29. f3 Qh4 30. Rd5 Bf8 31. Qh1 Bxc5+ 32. Kg2 Qxh1+ 33. Rxh1+
Kg7 34. Ra1 Be3 35. Rd3 g5 36. Rb1 g4 37. Rxb5 g3 38. Rxf5 Rb8 39. Rxe3 Rb2+
40. Kh3 Rh2+ 41. Kg4 g2 42. Re1 Rh1 43. Rfe5 Rf1 44. Re7+ Kf8 45. Kf5 g1=Q 46.
Re8+ Kf7 47. R1e7# 1-0

[Event "KP 2024/25,SK Lipa B-Panda RK B"]
[Site "?"]
[Date "2024.11.10"]
[Round "2.3"]
[White "Sedivy, Martin"]
[Black "Kroulik, Vaclav"]
[Result "1-0"]
[WhiteElo "2113"]
[BlackElo "1975"]
[PlyCount "55"]
[EventDate "2024.??.??"]

1. e4 c5 2. b3 e6 3. Bb2 d5 4. e5 Nc6 5. Bb5 Bd7 6. Qe2 Nge7 7. Nf3 a6 8. Bxc6
Nxc6 9. O-O Be7 10. d3 O-O 11. Nbd2 b5 12. c4 Qb6 13. Rfd1 Rfd8 14. Nf1 Rab8
15. Ng3 bxc4 16. dxc4 d4 17. Nh5 a5 18. Nd2 Kh8 19. Ne4 Nxe5 20. Nxc5 Nc6 21.
Qg4 Bf8 22. Rxd4 Nxd4 23. Bxd4 f5 24. Bxg7+ Kg8 25. Nf6+ Kf7 26. Qh5+ Kxg7 27.
Ncxd7 Qd4 28. Qxh7# 1-0

[Event "KP 2024/25,SK Lipa B-Panda RK B"]
[Site "?"]
[Date "2024.11.10"]
[Round "2.4"]
[White "Zelbova, Lada"]
[Black "Vasatko, Martin"]
[Result "1-0"]
[WhiteElo "1909"]
[BlackElo "1947"]
[PlyCount "59"]
[EventDate "2024.??.??"]

1. d4 Nf6 2. Bf4 d5 3. e3 Bf5 4. Bd3 Bxd3 5. cxd3 c6 6. h3 e6 7. Nf3 Nbd7 8.
O-O Be7 9. Nc3 O-O 10. Rc1 c5 11. dxc5 Nxc5 12. b4 Ncd7 13. Nb5 e5 14. Nxe5
Nxe5 15. Bxe5 Bxb4 16. Qb3 Ba5 17. Bd6 Qd7 18. Bxf8 Rxf8 19. Nxa7 Bc7 20. Nb5
Bb8 21. Rc2 h5 22. Rfc1 g5 23. Nd4 h4 24. Qb5 Qd6 25. Rc8 Qh2+ 26. Kf1 Qh1+ 27.
Ke2 Qxg2 28. Qb4 Re8 29. Qe7 Bg3 30. Qxf6 1-0

[Event "KP 2024/25,SK Lipa B-Panda RK B"]
[Site "?"]
[Date "2024.11.10"]
[Round "2.5"]
[White "Jedlicka, Lubos"]
[Black "Novotny, Josef"]
[Result "1/2-1/2"]
[WhiteElo "2127"]
[BlackElo "1944"]
[PlyCount "121"]
[EventDate "2024.??.??"]

1. c4 e6 2. g3 d6 3. Bg2 Nf6 4. Nc3 c6 5. e4 e5 6. d3 h6 7. Nge2 Be7 8. h3 Nbd7
9. Be3 b6 10. O-O g5 11. d4 c5 12. dxc5 Nxc5 13. b4 Ne6 14. Nd5 Nc7 15. Nec3
Be6 16. Qa4+ Bd7 17. Qb3 Ncxd5 18. Nxd5 Nxd5 19. cxd5 O-O 20. g4 Qb8 21. Rfc1
Rc8 22. Bf1 Qb7 23. b5 Rxc1 24. Rxc1 Rc8 25. Rc6 Bxc6 26. bxc6 Qb8 27. Ba6 Rf8
28. a4 Bd8 29. Qb5 f6 30. Bb7 Rf7 31. Qa6 Kf8 32. a5 bxa5 33. Bxa7 Qc7 34. Be3
Qe7 35. Kf1 Bc7 36. Bd2 Qd8 37. Ke2 Re7 38. Kd3 Ke8 39. Kc2 Kf8 40. Kb3 Ke8 41.
Ka4 Kf8 42. Bc8 Kg7 43. Bd7 Rxd7 44. cxd7 Qxd7+ 45. Qb5 Qd8 46. Bxa5 Bxa5 47.
Qxa5 Qc8 48. Qb5 Kg6 49. Qc6 Qb8 50. Ka5 Qa7+ 51. Kb5 Qxf2 52. Qxd6 Qe2+ 53.
Kb6 Qxe4 54. Qc5 Kf7 55. d6 Ke6 56. Kc7 Qh7+ 57. Kb6 Qd7 58. Qc4+ Kxd6 59. Qd3+
Ke7 60. Qh7+ Ke6 61. Qf5+ 1/2-1/2

[Event "KP 2024/25,SK Lipa B-Panda RK B"]
[Site "?"]
[Date "2024.11.10"]
[Round "2.6"]
[White "Daniel, Jiri"]
[Black "Sucharda, Tomas"]
[Result "0-1"]
[WhiteElo "1922"]
[BlackElo "2020"]
[PlyCount "96"]
[EventDate "2024.??.??"]

1. Nf3 Nf6 2. b3 e6 3. Bb2 b6 4. c4 Bb7 5. e3 Be7 6. Be2 O-O 7. O-O d5 8. d4
Nbd7 9. Nbd2 Ne4 10. Ne5 Nxd2 11. Nxd7 Nxf1 12. Nxf8 Nxe3 13. Nxe6 Nxd1 14.
Nxd8 Nxb2 15. Nxb7 Rb8 16. c5 Bf6 17. c6 Bxd4 18. Kf1 Be5 19. Rb1 a5 20. a4 Bc3
21. Rc1 d4 22. Rc2 Re8 23. g3 g6 24. Bf3 Nd3 25. Re2 Rxe2 26. Bxe2 Ne5 27. Bb5
Bb4 28. Ke2 Kf8 29. f4 Ng4 30. h3 Nf6 31. Kd3 Nh5 32. Kxd4 Nxg3 33. Bc4 Ke7 34.
Bd3 Nh5 35. Ke4 Nf6+ 36. Kd4 Nh5 37. Ke4 Bd2 38. f5 Ng3+ 39. Ke5 f6+ 40. Kd5
Nxf5 41. Kc4 Bb4 42. Be4 Ng3 43. Bf3 f5 44. Kd5 g5 45. Bg2 h5 46. Bf3 g4 47.
Bg2 f4 48. hxg4 hxg4 0-1

[Event "KP 2024/25,SK Lipa B-Panda RK B"]
[Site "?"]
[Date "2024.11.10"]
[Round "2.7"]
[White "Kosar, Matej"]
[Black "Rambousek, Josef"]
[Result "1-0"]
[WhiteElo "1874"]
[BlackElo "1820"]
[PlyCount "89"]
[EventDate "2024.??.??"]

1. b4 Nf6 2. Bb2 e6 3. b5 d5 4. e3 c5 5. c4 Be7 6. Nf3 O-O 7. Be2 Nbd7 8. O-O
Nb6 9. d3 dxc4 10. dxc4 Ne4 11. Qc2 Bf6 12. Nc3 Nxc3 13. Bxc3 Bxc3 14. Qxc3 Qe7
15. a4 Nd7 16. Rfd1 a5 17. Rd2 b6 18. Rad1 e5 19. Rd6 Rb8 20. h3 e4 21. Nh2 Ne5
22. Nf1 Nd3 23. Rc6 Bb7 24. Rxb6 Qc7 25. Rxb7 Qxb7 26. Bxd3 exd3 27. Rxd3 Rbd8
28. Rxd8 Rxd8 29. Qxa5 Ra8 30. Qd2 h6 31. a5 Qe4 32. Qc3 Qb1 33. a6 Qa2 34. Qd3
Qa5 35. Qd2 Qb6 36. Ng3 Rd8 37. Qa2 Kf8 38. Ne4 f5 39. Nc3 Ke8 40. Nd5 Qb8 41.
b6 Kd7 42. Qa4+ Kd6 43. Qb5 Rc8 44. Qb2 Rg8 45. f4 1-0

[Event "KP 2024/25,SK Lipa B-Panda RK B"]
[Site "?"]
[Date "2024.11.10"]
[Round "2.8"]
[White "Hartman, Ivo"]
[Black "Charvat, Vaclav"]
[Result "1/2-1/2"]
[WhiteElo "1774"]
[BlackElo "1787"]
[PlyCount "58"]
[EventDate "2024.??.??"]

1. d4 Nf6 2. Nf3 g6 3. c4 Bg7 4. Nc3 d6 5. e4 O-O 6. Be2 Nbd7 7. O-O c5 8. Be3
b6 9. d5 Ng4 10. Bd2 Nde5 11. Nxe5 Nxe5 12. f4 Nd7 13. Bg4 Nf6 14. Bf3 Ne8 15.
Be3 e5 16. Qd2 exf4 17. Bxf4 f5 18. Bg5 Qd7 19. Rae1 Bd4+ 20. Kh1 Qf7 21. Bh6
Ng7 22. exf5 Bxf5 23. Nb5 Be5 24. Be4 Qd7 25. Bxf5 Rxf5 26. Bxg7 Kxg7 27. Nc3
Raf8 28. Qd3 Rxf1+ 29. Rxf1 Rxf1+ 1/2-1/2

[Event "KP 2024/25,Lazne Belohrad-TJ Nachod B"]
[Site "?"]
[Date "2024.11.24"]
[Round "3.1"]
[White "Sveda, Lubomir"]
[Black "Cerha, Michal"]
[Result "1-0"]
[WhiteElo "1896"]
[BlackElo "1981"]
[Annotator "user"]
[PlyCount "57"]
[EventDate "2024.??.??"]
[TimeControl "40/5400+30:900+30"]

{587MB} 1. e4 {[%emt 0:00:00]} d6 2. d4 Nf6 3. Bd3 Nbd7 4. f4 e5 5. c3 Be7 6.
Nf3 exf4 7. Bxf4 h6 8. O-O g5 9. Bg3 Nh5 10. Ne5 Ndf6 11. Nxf7 Nxg3 12. Nxd8
Nxf1 13. Qxf1 Kxd8 14. Nd2 Rf8 15. Qe2 Bg4 16. Qe3 Kd7 17. Rf1 Rae8 18. c4 Nh5
19. Rxf8 Rxf8 20. h3 Be6 21. d5 Bg8 22. Qxa7 Bf6 23. Nf3 Bxb2 24. Qxb7 Bc1 25.
c5 Be3+ 26. Kh2 Bf4+ 27. Kg1 dxc5 28. Bb5+ Ke7 29. e5 1-0

[Event "KP 2024/25,Lazne Belohrad-TJ Nachod B"]
[Site "?"]
[Date "2024.11.24"]
[Round "3.2"]
[White "Mojzis, Jan"]
[Black "Nalevka, Petr"]
[Result "1-0"]
[WhiteElo "2041"]
[BlackElo "1965"]
[Annotator "user"]
[PlyCount "95"]
[EventDate "2024.??.??"]
[TimeControl "40/5400+30:900+30"]

{587MB} 1. e4 e6 2. d4 d5 3. Nd2 Nf6 4. e5 Nfd7 5. Bd3 c5 6. c3 Nc6 7. Ne2 Qb6
8. Nf3 cxd4 9. cxd4 Bb4+ 10. Bd2 O-O 11. O-O f6 12. exf6 Nxf6 13. Rc1 Bd7 14.
Bb1 Bxd2 15. Qxd2 Rae8 16. Nc3 Re7 17. Rfe1 a6 18. Na4 Qd8 19. Nc5 Bc8 20. h3
Qe8 21. Ne5 Nxe5 22. dxe5 Nd7 23. Qg5 Nxc5 24. Rxc5 Ref7 25. f3 Bd7 26. Rd1 Bc6
27. Rd4 Qe7 28. Qxe7 Rxe7 29. Kf2 g6 30. Ke3 Bb5 31. a4 Be8 32. Bd3 Kg7 33. b3
g5 34. h4 gxh4 35. Rxh4 Bg6 36. Be2 Ref7 37. g3 Rd7 38. Kd4 Rdf7 39. f4 Re7 40.
a5 Rff7 41. Rh1 Rc7 42. Rhc1 Rxc5 43. Rxc5 Bf5 44. b4 Kg6 45. Rc8 Be4 46. b5
axb5 47. Bxb5 Kf5 48. Be2 1-0

[Event "KP 2024/25,Lazne Belohrad-TJ Nachod B"]
[Site "?"]
[Date "2024.11.24"]
[Round "3.3"]
[White "Korinek, Pavel"]
[Black "Semerak, Pavel"]
[Result "1-0"]
[WhiteElo "1982"]
[BlackElo "1968"]
[Annotator "user"]
[PlyCount "85"]
[EventDate "2024.??.??"]
[TimeControl "40/5400+30:900+30"]

{587MB} 1. e4 d6 2. d4 Nf6 3. Bd3 e5 4. Nf3 exd4 5. Nxd4 g6 6. O-O Bg7 7. c3
Nbd7 8. Re1 O-O 9. Nd2 Re8 10. Bc2 a6 11. Nf1 d5 12. exd5 Rxe1 13. Qxe1 Nxd5
14. Bd2 Ne5 15. Rd1 c5 16. Nb3 Bg4 17. Rb1 Qd6 18. Ne3 Bf3 19. Nxd5 Qxd5 20.
Qf1 f5 21. Bf4 Be4 22. Rd1 Qf7 23. Bxe4 fxe4 24. Bxe5 Bxe5 25. Qe2 Re8 26. g3
b6 27. Re1 Rf8 28. Qe3 a5 29. Re2 a4 30. Nd2 Qxa2 31. Qxe4 Bg7 32. Nc4 b5 33.
Nd6 Qb3 34. Kg2 b4 35. c4 Bd4 36. Qd5+ Kg7 37. Re7+ Kh6 38. Nf7+ Kg7 39. Ng5+
Kf6 40. Re6+ Kg7 41. Re7+ Kf6 42. Rf7+ Rxf7 43. Qxf7+ 1-0

[Event "KP 2024/25,Lazne Belohrad-TJ Nachod B"]
[Site "?"]
[Date "2024.11.24"]
[Round "3.4"]
[White "Sobotnik, Petr"]
[Black "Groh, Ladislav"]
[Result "1-0"]
[WhiteElo "1925"]
[BlackElo "1819"]
[Annotator "user"]
[PlyCount "33"]
[EventDate "2024.??.??"]
[TimeControl "40/5400+30:900+30"]

{587MB} 1. c4 {[%emt 0:00:00]} Nf6 2. Nc3 g6 3. Nf3 Bg7 4. e4 d6 5. d4 Nbd7 6.
Be2 O-O 7. O-O e5 8. d5 h6 9. Bd2 Ne8 10. b4 f5 11. Ne1 fxe4 12. Nxe4 Qh4 13.
f3 Nef6 14. g3 Qh5 15. g4 Qh4 16. Ng2 Nxe4 17. Nxh4 1-0

[Event "KP 2024/25,Lazne Belohrad-TJ Nachod B"]
[Site "?"]
[Date "2024.11.24"]
[Round "3.6"]
[White "Pultar, Petr"]
[Black "Kykal, Zbynek"]
[Result "0-1"]
[WhiteElo "1891"]
[BlackElo "1843"]
[Annotator "user"]
[PlyCount "56"]
[EventDate "2024.??.??"]
[TimeControl "40/5400+30:900+30"]

{587MB} 1. d4 d5 2. Nf3 Bg4 3. c4 e6 4. Nc3 c6 5. Ne5 Bh5 6. c5 Nd7 7. Nd3 Ngf6
8. Bg5 Be7 9. h3 O-O 10. g4 Bg6 11. Nf4 e5 12. Nxg6 fxg6 13. e3 Ne4 14. Nxe4
Bxg5 15. Nxg5 Qxg5 16. h4 Qe7 17. Qe2 exd4 18. exd4 Qf6 19. Rh3 Qxd4 20. Rd1
Qxc5 21. Qe6+ Rf7 22. Re3 Nf6 23. g5 Re8 24. Qh3 Rxe3+ 25. fxe3 Ne4 26. Qc8+
Rf8 27. Qe6+ Kh8 28. Qh3 Qb4+ 0-1

[Event "KP 2024/25,Lazne Belohrad-TJ Nachod B"]
[Site "?"]
[Date "2024.11.24"]
[Round "3.7"]
[White "Kylar, Pavel"]
[Black "Bednar, Jiri"]
[Result "0-1"]
[WhiteElo "1815"]
[BlackElo "1876"]
[Annotator "user"]
[PlyCount "82"]
[EventDate "2024.??.??"]
[TimeControl "40/5400+30:900+30"]

{587MB} 1. c4 Nf6 2. Nc3 e5 3. g3 Nc6 4. Bg2 Bc5 5. e3 d6 6. Nge2 O-O 7. O-O a6
8. d4 Ba7 9. d5 Ne7 10. b3 Ne8 11. Qc2 f5 12. Bb2 Ng6 13. Rae1 Qg5 14. Bc1 Qh5
15. Kh1 Nf6 16. f3 Bd7 17. Ng1 Rae8 18. Qe2 f4 19. g4 Qh4 20. Qf2 Qxf2 21. Rxf2
fxe3 22. Bxe3 Bxe3 23. Rxe3 Nxg4 24. Rfe2 Nxe3 25. Rxe3 Nf4 26. Ne4 Bf5 27. Nd2
a5 28. Bf1 Rf6 29. Ne2 Nxe2 30. Bxe2 Kf7 31. Bf1 g5 32. Bg2 h5 33. Kg1 h4 34.
h3 Bg6 35. Bf1 Rf4 36. Be2 Re7 37. Kg2 Kf6 38. Ne4+ Bxe4 39. fxe4 Rf7 40. Bg4
Ke7 41. Re2 Rf1 0-1

[Event "KP 2024/25,Lazne Belohrad-TJ Nachod B"]
[Site "?"]
[Date "2024.11.24"]
[Round "3.8"]
[White "Vokurka, Vilem"]
[Black "Pochop, Karel ml."]
[Result "0-1"]
[WhiteElo "1659"]
[BlackElo "1827"]
[Annotator "user"]
[PlyCount "32"]
[EventDate "2024.??.??"]
[TimeControl "40/5400+30:900+30"]

{587MB} 1. d4 Nf6 2. Bf4 e6 3. e3 b6 4. Nf3 Bb7 5. Bd3 d5 6. Nbd2 Bd6 7. Bg3
Bxg3 8. hxg3 Qe7 9. Ne5 h6 10. g4 Nbd7 11. g5 Nxe5 12. gxf6 Nxd3+ 13. cxd3 Qxf6
14. Qc2 O-O 15. Nf3 Rfc8 16. b4 c5 0-1

[Event "KP 2024/25,Lazne Belohrad-TJ Nachod B"]
[Site "?"]
[Date "2024.11.26"]
[Round "3.5"]
[White "Vavra, Vojtech"]
[Black "Jirman, Jonas"]
[Result "1-0"]
[WhiteElo "1889"]
[BlackElo "1738"]
[Annotator "user"]
[PlyCount "67"]
[TimeControl "40/5400+30:900+30"]

1. d4 Nf6 2. c4 g6 3. Nc3 d5 4. Nf3 Bg7 5. e3 c5 6. dxc5 Qa5 7. Qa4+ Qxa4 8.
Nxa4 O-O 9. b4 Nc6 10. Bd2 Bf5 11. Rc1 Ne4 12. a3 d4 13. b5 dxe3 14. Bxe3 Na5
15. Nd4 Rfd8 16. Rd1 e5 17. Nxf5 Rxd1+ 18. Kxd1 gxf5 19. f3 Nf6 20. Kc2 a6 21.
Nb6 Ra7 22. Be2 axb5 23. cxb5 Ne8 24. Rd1 Bf6 25. Rd7 f4 26. Bd2 Kf8 27. c6 Be7
28. Nc8 Ra8 29. Nxe7 Nf6 30. Rc7 Ne8 31. cxb7 Nxc7 32. bxa8=Q+ Nxa8 33. Bxa5
Kxe7 34. b6 1-0

[Event "KP 2024/25,Panda RK B-SK Lipa C"]
[Site "Rychnov nad Kněžnou, Czech "]
[Date "2024.11.24"]
[Round "3.1"]
[White "Horák, Jan"]
[Black "Fiedler, Bedrich"]
[Result "1/2-1/2"]
[WhiteElo "2128"]
[BlackElo "2078"]
[PlyCount "98"]
[EventDate "2024.??.??"]

1. d4 Nf6 2. g3 d5 3. Nf3 c6 4. Bg2 Bf5 5. O-O h6 6. c4 e6 7. Nc3 Be7 8. Qb3
Qb6 9. c5 Qxb3 10. axb3 Na6 11. Bf4 Nd7 12. e4 dxe4 13. Nd2 g5 14. Be3 Nf6 15.
Ncxe4 Nxe4 16. Bxe4 Bxe4 17. Nxe4 Nb4 18. Nd2 Nd5 19. Nc4 a6 20. Bd2 O-O-O 21.
f4 f6 22. Rae1 Kd7 23. Re2 Rh7 24. Rfe1 gxf4 25. gxf4 Rg8+ 26. Kh1 Rhg7 27.
Rxe6 Rg1+ 28. Rxg1 Rxg1+ 29. Kxg1 Kxe6 30. Kf2 Bd8 31. Nd6 Bc7 32. f5+ Kd7 33.
Nxb7 Bxh2 34. Bxh6 Ne7 35. Bg7 Nxf5 36. Bxf6 Ke6 37. Bh8 Kd5 38. Ke2 Nxd4+ 39.
Bxd4 Kxd4 40. Kd2 a5 41. Nxa5 Kxc5 42. Kc2 Bc7 43. Nc4 Kb4 44. Ne3 Be5 45. Nf1
c5 46. Nd2 Bf6 47. Ne4 Bxb2 48. Kxb2 c4 49. bxc4 Kxc4 1/2-1/2

[Event "KP 2024/25,Panda RK B-SK Lipa C"]
[Site "Rychnov nad Kněžnou, Czech "]
[Date "2024.11.24"]
[Round "3.2"]
[White "Novak, Ludek"]
[Black "Zelba, Lukas"]
[Result "1/2-1/2"]
[WhiteElo "1935"]
[BlackElo "2096"]
[Annotator "user"]
[PlyCount "92"]
[EventDate "2024.??.??"]

{[%evp 0,92,19,31,19,0,-3,-3,39,38,33,58,52,26,21,10,19,-3,18,20,-5,-21,-13,
-49,-56,-52,-42,-27,-32,-40,-38,-44,-50,-114,-108,-106,-83,-132,-145,-157,-101,
-147,-121,-102,-129,-136,-90,-90,-108,-110,-102,-96,-108,-101,-89,-112,-104,
-102,-99,-95,-103,-103,-78,-77,-79,-69,-81,-70,-70,-70,-70,-68,-59,-88,-76,-86,
-70,-66,-66,-64,-75,-69,-48,-81,-75,-72,-21,-22,-26,-13,0,-18,-18,-76,0]} 1. d4
d5 2. c4 e6 3. Nc3 c6 4. Nf3 dxc4 5. a4 Bb4 6. e4 b5 7. Be2 Nf6 8. Qc2 Bb7 9.
O-O a6 10. Rd1 h6 11. h3 Nbd7 12. Bf4 Nb6 13. Ne5 Qe7 14. Na2 c5 15. Nxb4 Bxe4
16. Qd2 cxb4 17. axb5 axb5 18. Rxa8+ Bxa8 19. Ra1 Qb7 20. Bf3 Nbd5 21. Qe1 O-O
22. Bd2 Qb6 23. Bxd5 Bxd5 24. Bxb4 Ra8 25. Bc5 Qb7 26. f3 Bc6 27. Ra5 Nd5 28.
Qa1 Rxa5 29. Qxa5 f6 30. Ng6 Qa8 31. Qxa8+ Bxa8 32. Ne7+ Nxe7 33. Bxe7 Kf7 34.
Bd6 g6 35. Kf2 Ke8 36. f4 Kd7 37. Bb4 Be4 38. h4 Kc6 39. g3 Kd5 40. Ke3 g5 41.
Bf8 gxf4+ 42. gxf4 Bg6 43. Bxh6 b4 44. Bf8 c3 45. bxc3 bxc3 46. Bg7 c2 1/2-1/2

[Event "KP 2024/25,Panda RK B-SK Lipa C"]
[Site "Rychnov nad Kněžnou, Czech "]
[Date "2024.11.24"]
[Round "3.3"]
[White "Kroulik, Vaclav"]
[Black "Humlicek, Vojtech"]
[Result "1-0"]
[WhiteElo "1975"]
[BlackElo "1953"]
[Annotator "Milan"]
[PlyCount "85"]
[EventDate "2024.??.??"]

{[%evp 0,85,30,30,56,39,91,48,46,27,30,48,30,33,80,63,63,74,74,75,82,83,92,80,
100,68,88,101,108,54,110,120,114,87,81,52,109,94,127,129,111,105,99,70,72,65,
65,63,57,63,65,76,65,73,70,72,106,117,124,117,148,120,156,150,150,159,157,152,
167,161,165,157,162,159,157,220,226,245,250,244,243,285,283,302,309,313,330,
369]} 1. e4 c5 2. Nf3 a6 3. c4 e6 4. Nc3 Nc6 5. d4 cxd4 6. Nxd4 Nge7 7. Be3
Nxd4 8. Qxd4 Nc6 9. Qd2 Qa5 10. Be2 Bc5 11. O-O O-O 12. a3 Bxe3 13. Qxe3 f5 14.
exf5 Qxf5 15. c5 Qf4 16. Qxf4 Rxf4 17. b4 Rb8 18. Rfd1 Kf7 19. g3 Rd4 20. Bf3
Ke7 21. Bxc6 Rxd1+ 22. Rxd1 dxc6 23. f4 Bd7 24. Na4 Be8 25. Nb6 Rd8 26. Rxd8
Kxd8 27. Kf2 h5 28. Ke3 Bg6 29. Kd4 Bf5 30. Ke5 Kc7 31. Nc4 Bh3 32. Nd6 Kd7 33.
Nxb7 Kc7 34. Nd6 Kd7 35. Ne4 Bf5 36. Nd2 Bh3 37. Nf3 Bf5 38. Nd4 Bh3 39. a4 Bg4
40. b5 cxb5 41. axb5 axb5 42. Nxb5 Kc6 43. Nd4+ 1-0

[Event "KP 2024/25,Panda RK B-SK Lipa C"]
[Site "Rychnov nad Kněžnou, Czech "]
[Date "2024.11.24"]
[Round "3.4"]
[White "Nemec, Otakar"]
[Black "Zelbova, Lada"]
[Result "0-1"]
[WhiteElo "1859"]
[BlackElo "1909"]
[PlyCount "76"]
[EventDate "2024.??.??"]

1. e4 c5 2. c3 Nf6 3. e5 Nd5 4. d4 cxd4 5. cxd4 e6 6. Nf3 b6 7. Bd3 Bb7 8. a3
d6 9. O-O Nd7 10. Qe2 dxe5 11. dxe5 Be7 12. Bd2 O-O 13. Nc3 Nxc3 14. Bxc3 Nc5
15. Bc4 Rc8 16. Rfd1 Qc7 17. Rac1 Rfd8 18. Bd2 Bxf3 19. gxf3 Rxd2 20. Rxd2 Bg5
21. Rcd1 Bxd2 22. Qxd2 h6 23. Qe2 a5 24. Bb5 Rd8 25. f4 Nb3 26. Rxd8+ Qxd8 27.
Qd3 Nd4 28. Bc4 Qd7 29. f3 b5 30. Bxb5 Qd5 31. Bc4 Qc5 32. Kf1 Nf5 33. Ke2 Qg1
34. Kd2 Qxh2+ 35. Kc3 Qxf4 36. Qd8+ Kh7 37. Qxa5 Qc1+ 38. Kd3 Qf1+ 0-1

[Event "KP 2024/25,Panda RK B-SK Lipa C"]
[Site "Rychnov nad Kněžnou, Czech "]
[Date "2024.11.24"]
[Round "3.5"]
[White "Novotny, Josef"]
[Black "Tsapanidis, Vasilis"]
[Result "1/2-1/2"]
[WhiteElo "1944"]
[BlackElo "1825"]
[Annotator "user"]
[PlyCount "86"]
[EventDate "2024.??.??"]

{[%evp 0,86,30,18,22,-22,-27,-52,-20,-27,-27,-17,27,-6,-8,-12,4,-19,-21,-31,
-16,-48,-34,-72,-81,-80,-78,-140,-91,-147,-133,-133,-80,-81,-74,-75,-56,-87,
-49,-84,-84,-96,-87,-90,-86,-99,-104,-106,-85,-112,-98,-97,-98,-112,-91,-109,
-41,-150,-63,-78,-41,-32,-32,-168,-168,-168,-147,-186,-148,-138,-134,-134,-94,
-147,-139,-144,-150,-150,-107,-102,-33,-146,-105,-105,-100,-105,-100,-80,-31]} 
1. e3 e5 2. d3 d5 3. h3 g6 4. Nf3 Bg7 5. Nc3 c6 6. g3 Be6 7. Bg2 Nd7 8. Bd2 h6
9. Qe2 a5 10. Rb1 Ne7 11. a4 O-O 12. O-O f5 13. b4 b6 14. Nh2 e4 15. bxa5 bxa5
16. d4 Qc7 17. Rb3 Rfb8 18. Rfb1 Nb6 19. Bf1 Nc4 20. Qd1 Nxd2 21. Qxd2 Rxb3 22.
Rxb3 Nc8 23. Qc1 Rb8 24. Qb1 Rxb3 25. cxb3 Bf8 26. Be2 Bb4 27. Na2 c5 28. dxc5
Qxc5 29. Nf1 d4 30. exd4 Qxd4 31. Qc1 Bc5 32. Ne3 Bxb3 33. Nc3 Be6 34. Bb5 Nd6
35. Bc6 Kg7 36. Ne2 Qe5 37. Nf4 Bf7 38. Nfd5 Bxe3 39. Nxe3 g5 40. Qa3 Nc4 41.
Nxc4 Bxc4 42. Qc1 Bf7 43. Qe3 Qc7 1/2-1/2

[Event "KP 2024/25,Panda RK B-SK Lipa C"]
[Site "?"]
[Date "2024.11.24"]
[Round "3.6"]
[White "Prazak, Pavel"]
[Black "Dvorak, Milan"]
[Result "0-1"]
[WhiteElo "1844"]
[BlackElo "1881"]
[Annotator "user"]
[PlyCount "46"]
[EventDate "2024.??.??"]
[SourceVersionDate "2024.11.24"]

{[%evp 0,46,18,39,18,37,5,4,16,-8,-4,-19,8,15,24,-51,-7,-80,-80,-99,-99,-103,
-103,-95,-90,-90,-90,-90,-66,-70,-54,-80,-100,-236,-220,-223,-219,-233,-229,
-291,-235,-235,-208,-215,-177,-336,-343,-437,-429]} 1. e4 e5 2. Nf3 Nc6 3. Bb5
a6 4. Ba4 Nf6 5. O-O b5 6. Bb3 Be7 7. c3 O-O 8. h3 Nxe4 9. Re1 Nc5 10. Nxe5
Nxe5 11. Rxe5 Nxb3 12. axb3 Bb7 13. d4 Bd6 14. Re1 Qf6 15. Qg4 Rae8 16. Re2 Bf3
17. Qxf3 Qxf3 18. gxf3 Rxe2 19. Kf1 Rfe8 20. Bd2 f6 21. Ra2 Kf7 22. Be3 Rc2 23.
Nd2 Rxe3 0-1

[Event "KP 2024/25,Panda RK B-SK Lipa C"]
[Site "?"]
[Date "2024.11.24"]
[Round "3.7"]
[White "Cermak, Miroslav"]
[Black "Landsmannova, Marie Magdalena"]
[Result "1-0"]
[WhiteElo "1880"]
[BlackElo "1661"]
[PlyCount "49"]
[EventDate "2024.??.??"]
[SourceVersionDate "2024.11.24"]

1. d4 Nf6 2. Bg5 e6 3. e3 Be7 4. Bd3 d5 5. Nd2 c5 6. c3 O-O 7. f4 cxd4 8. exd4
Nbd7 9. Ngf3 b6 10. O-O Bb7 11. Qe2 Re8 12. Kh1 h6 13. Bh4 Nh5 14. Bxe7 Qxe7
15. g3 Nhf6 16. Rg1 Nh7 17. g4 e5 18. fxe5 Ng5 19. Nxg5 Qxg5 20. Nf3 Qe7 21. g5
h5 22. Nh4 Nxe5 23. Rae1 Nc6 24. Qxh5 Qxe1 25. Qh7+ 1-0

[Event "KP 2024/25,Panda RK B-SK Lipa C"]
[Site "?"]
[Date "2024.11.24"]
[Round "3.8"]
[White "Portych, Vaclav"]
[Black "Hartman, Ivo"]
[Result "1/2-1/2"]
[WhiteElo "1832"]
[BlackElo "1774"]
[PlyCount "49"]
[EventDate "2024.??.??"]
[SourceVersionDate "2024.11.24"]

1. c4 e6 2. Nf3 Nf6 3. g3 d5 4. cxd5 exd5 5. Bg2 Nbd7 6. Nc3 c6 7. b3 Bd6 8.
Bb2 O-O 9. O-O Re8 10. Rc1 Ne5 11. Nxe5 Bxe5 12. d4 Bd6 13. e3 Bf5 14. Na4 Qe7
15. Nc5 b6 16. Nd3 Rac8 17. Re1 Nd7 18. Bf3 Qg5 19. Bg2 h5 20. h4 Qg6 21. Nf4
Bxf4 22. exf4 Rxe1+ 23. Qxe1 Qe6 24. Qxe6 fxe6 25. Bf3 1/2-1/2

[Event "KP 2024/25,SK Lomnice-J. Horice"]
[Site "Lomnice n. Pop."]
[Date "2024.11.24"]
[Round "3.1"]
[White "Novotny, Jaroslav"]
[Black "Kulhanek, Jachym"]
[Result "1/2-1/2"]
[WhiteElo "2163"]
[BlackElo "1968"]
[PlyCount "73"]
[EventDate "2024.11.24"]
[WhiteTeam "Sachovy klub Lomnice nad Popelkou"]
[BlackTeam "TJ Jiskra Horice v Podkrkonosi"]

1. c4 c5 2. g3 g6 3. Bg2 Bg7 4. Nc3 Nc6 5. Nf3 Nf6 6. d4 cxd4 7. Nxd4 O-O 8.
O-O Nxd4 9. Qxd4 d6 10. Qd3 Bf5 11. e4 Be6 12. Bd2 Qc8 13. Nd5 Nxd5 14. cxd5
Bh3 15. Rac1 Qd7 16. Bxh3 Qxh3 17. Bc3 Qd7 18. Bxg7 Kxg7 19. Rc3 Rfc8 20. Rfc1
a6 21. Kg2 Kg8 22. h3 f6 23. b3 Kf7 24. a4 Qd8 25. b4 Rxc3 26. Qxc3 Qb6 27. a5
Qb5 28. Qd4 Qd7 29. Qc4 Qa4 30. Rc2 Rb8 31. Rc1 Re8 32. h4 h5 33. Rc3 Rd8 34.
Qd4 Qd7 35. Qc4 Qa4 36. Qd4 Qd7 37. Qc4 1/2-1/2